000 00266nam a2200109Ia 4500
008 220204s9999 xx 000 0 und d
082 _a929 A/Z(TAG)
_bMUK
100 _aMukherji, Probhat Kumar
245 0 _aLife of Tagore
260 _aDelhi
_bHind
_c1976
942 _cBK
999 _c29092
_d29092